Who Got Top 10 In Minecraft Championship Battle Box - Canon Only - Statistics

General Stats
  • This quiz has been taken 11 times
    10 since last reset
  • The average score is 27 of 74
Answer Stats
Hint Answer % Correct
9 Dream
100%
17 Sapnap
100%
9 Fruitberries
80%
9 GeorgeNotFound
80%
8 Illumina
80%
14 Krtzyy
70%
10 PeteZahHutt
70%
6 Purpled
70%
10 Seapeekay
70%
1 Shubble
70%
6 TommyInnit
70%
4 Antfrost
60%
6 FireBreathMan
60%
7 Jojosolos
60%
8 Ph1LzA
60%
6 Quig
60%
7 Smajor1995
60%
2 CaptainPuffy
50%
1 FalseSymmetry
50%
2 Fundy
50%
6 Hbomb94
50%
5 King_Burren
50%
8 Punz
50%
5 Smallishbeans
50%
6 Sylvee
50%
8 Technoblade
50%
6 Tubbo
50%
3 5up
40%
7 CaptainSparklez
40%
2 Eret
40%
2 Hannahxxrose
40%
4 Krinios
40%
1 Sneegsnag
40%
5 TapL
40%
4 Wilbur Soot
40%
1 BadBoyHalo
30%
2 Bitzel
30%
1 fWhip
30%
1 Impulse
30%
1 Mefs
30%
1 MiniMuka
30%
1 Pearlescentmoon
30%
1 Quackity
30%
2 Ryguyrocky
30%
7 SolidarityGaming
30%
3 Vikkstar123
30%
4 Wisp
30%
2 Awesamdude
20%
3 Bekyamon
20%
1 Cubfan135
20%
2 Cxlvxn
20%
1 Feinberg
20%
1 GeeNelly
20%
2 InTheLittleWood
20%
2 OrionSound
20%
2 Wallibear
20%
1 AntVenom
10%
2 DanTDM
10%
4 FoolishGamers
10%
1 GizzyGazza
10%
2 JackManifoldTV
10%
1 OllieGamerz
10%
2 OwengeJuice
10%
2 Ponk
10%
1 PrestonPlayz
10%
6 Ranboo
10%
2 Shadoune
10%
1 Skeppy
10%
1 Snifferish
10%
1 ChilledChaos
0%
1 FlorianFunke
0%
1 Rafessor
0%
1 Slimcecicle
0%
2 Velvet
0%
No matching quizzes found
Score Distribution
Percent of People with Each Score
Percentile by Number Answered
Your Score History
You have not taken this quiz since the last reset